Les expériences de la politique monétaire / (Registro nro. 8208)
[ vista simple ]
| 000 -LEADER | |
|---|---|
| fixed length control field | 01137nam a2200241Ia 4500 |
| 003 - CONTROL NUMBER IDENTIFIER | |
| control field | OSt |
| 005 - DATE AND TIME OF LATEST TRANSACTION | |
| control field | 20210802155421.0 |
| 008 - FIXED-LENGTH DATA ELEMENTS--GENERAL INFORMATION | |
| fixed length control field | 210310s1973 fr fr 001 0 fre d |
| 040 ## - CATALOGING SOURCE | |
| Original cataloging agency | CO-JMCR |
| Transcribing agency | CO-JMCR |
| 041 0# - LANGUAGE CODE | |
| Language code of text/sound track or separate title | fre |
| 082 04 - DEWEY DECIMAL CLASSIFICATION NUMBER | |
| Classification number | 332.46 / |
| Item number | G942e |
| Edition number | 23 |
| 100 1# - MAIN ENTRY--PERSONAL NAME | |
| Personal name | Guglielmi, Jean-Louis, |
| 9 (RLIN) | 16630 |
| Relator term | autor |
| 245 #0 - TITLE STATEMENT | |
| Title | Les expériences de la politique monétaire / |
| Statement of responsibility, etc. | Jean-Louis Guglielmi |
| 250 ## - EDITION STATEMENT | |
| Edition statement | 1° edición |
| 260 ## - PUBLICATION, DISTRIBUTION, ETC. | |
| Place of publication, distribution, etc. | [París] : |
| Name of publisher, distributor, etc. | Presses Universitaires de France, |
| Date of publication, distribution, etc. | 1973 |
| 300 ## - PHYSICAL DESCRIPTION | |
| Extent | 226 páginas ; |
| Dimensions | 18 cm. |
| 490 0# - SERIES STATEMENT | |
| Series statement | Collection Sup. The Economist ; |
| Volume/sequential designation | 36 |
| 500 ## - GENERAL NOTE | |
| General note | Incluye notas a pie de página e índice de materias. |
| 504 ## - BIBLIOGRAPHY, ETC. NOTE | |
| Bibliography, etc. note | Bibliografía: página [227] |
| 505 0# - FORMATTED CONTENTS NOTE | |
| Formatted contents note | Politique monétaire et décalages des conjonctures économiques -- Politique monétaire, expansion économique et liquidaté -- Politique monétaire et taux d´intéret -- Politique restrictive et politique d´aisance -- Politique monétaire et formation du capital -- Politique monétaire et balance des paiements -- Politique monétaire et politique budgétaire |
| 650 14 - SUBJECT ADDED ENTRY--TOPICAL TERM | |
| Topical term or geographic name entry element | La política monetaria |
| 9 (RLIN) | 16632 |
| 942 ## - ADDED ENTRY ELEMENTS (KOHA) | |
| Source of classification or shelving scheme | Dewey Decimal Classification |
| Koha item type | Books |
| Withdrawn status | Lost status | Source of classification or shelving scheme | Damaged status | Not for loan | Collection code | Home library | Current library | Date acquired | Source of acquisition | Full call number | Barcode | Date last seen | Copy number | Koha item type |
|---|---|---|---|---|---|---|---|---|---|---|---|---|---|---|
| Dewey Decimal Classification | Non-fiction | Biblioteca Pública José María del Castillo y Rada | Biblioteca Pública José María del Castillo y Rada | 04/15/2018 | Donación | 332.46 / G942e | 430002583 | 05/16/2024 | Ej.1 | Books |